Calculus for business, economics and the social and life sciences / (Record no. 1653)

MARC details
000 -LEADER
fixed length control field 01267nam a2200373 i 4500
003 - CONTROL NUMBER IDENTIFIER
control field EG-ScBUE
005 - DATE AND TIME OF LATEST TRANSACTION
control field 20241002095912.0
008 - FIXED-LENGTH DATA ELEMENTS--GENERAL INFORMATION
fixed length control field 131217t2007 nyua f 001 0 eng d
020 ## - INTERNATIONAL STANDARD BOOK NUMBER
International Standard Book Number 9780071108218 (acid-free paper)
020 ## - INTERNATIONAL STANDARD BOOK NUMBER
International Standard Book Number 007110821
020 ## - INTERNATIONAL STANDARD BOOK NUMBER
International Standard Book Number 9780071106818
020 ## - INTERNATIONAL STANDARD BOOK NUMBER
International Standard Book Number 0071106812
040 ## - CATALOGING SOURCE
Original cataloging agency EG-ScBUE
Language of cataloging eng
Description conventions rda
Transcribing agency EG-ScBUE
Modifying agency EG-ScBUE
082 04 - DEWEY DECIMAL CLASSIFICATION NUMBER
Classification number 515
Item number HOF
Edition number 22
100 1# - MAIN ENTRY--PERSONAL NAME
Personal name Hoffmann, Laurence D.,
Dates associated with a name 1943-
Relator term author.
9 (RLIN) 34672
245 10 - TITLE STATEMENT
Title Calculus for business, economics and the social and life sciences /
Statement of responsibility, etc Laurence D. Hoffmann, Salomon Smith Barney, Gerald L. Bradley, Claremont McKenna College.
250 ## - EDITION STATEMENT
Edition statement Ninth edition.
250 ## - EDITION STATEMENT
Edition statement Brief edition.
264 #1 - PUBLICATION, DISTRIBUTION, ETC. (IMPRINT)
Place of publication, distribution, etc New York :
Name of publisher, distributor, etc McGraw-Hill Higher Education,
Date of publication, distribution, etc [2007]
264 #4 - PUBLICATION, DISTRIBUTION, ETC. (IMPRINT)
Date of publication, distribution, etc c2007
300 ## - PHYSICAL DESCRIPTION
Extent xxx, 758 pages :
Other physical details color illustrations ;
Dimensions 26 cm
336 ## - CONTENT TYPE
Source rdacontent
Content type term text
Content type code txt
337 ## - MEDIA TYPE
Media type term unmediated
Source rdamedia
Media type code n
338 ## - CARRIER TYPE
Carrier type term volume
Carrier type code nc
Source rdacarrier
500 ## - GENERAL NOTE
General note Includes index.<br/>
500 ## - GENERAL NOTE
General note Includes appendix.<br/>
590 ## - LOCAL NOTE (RLIN)
Local note Menna Elemam
650 #7 - SUBJECT ADDED ENTRY--TOPICAL TERM
9 (RLIN) 19913
Topical term or geographic name as entry element Calculus
Form subdivision Textbooks.
Source of heading or term BUEsh
651 ## - SUBJECT ADDED ENTRY--GEOGRAPHIC NAME
Source of heading or term BUEsh
653 ## - INDEX TERM--UNCONTROLLED
Resource For college BAEPS, Economics
Arrived date list August2015
655 ## - INDEX TERM--GENRE/FORM
Form subdivision Reading book
9 (RLIN) 34232
700 1# - ADDED ENTRY--PERSONAL NAME
Personal name Bradley, Gerald L.,
Dates associated with a name 1940-
Relator term author.
9 (RLIN) 34673
942 ## - ADDED ENTRY ELEMENTS (KOHA)
Koha item type Book - Borrowing
Source of classification or shelving scheme Dewey Decimal Classification
Holdings
Withdrawn status Lost status Source of classification or shelving scheme Materials specified (bound volume or other part) Damaged status Not for loan Collection code Home library Current library Shelving location Date acquired Source of acquisition Cost, normal purchase price Total Checkouts Total Renewals Full call number Barcode Date last seen Date checked out Cost, replacement price Koha item type Price effective from
  Lost Dewey Decimal Classification Lost In Inventory_2005-2015/8/22     Donation-Gift Central Library Central Library First floor 02/08/2007 Donation 230.00 6 7 515 HOF 000002688 23/06/2013 08/03/2012 287.50 Book - Borrowing  
    Dewey Decimal Classification       Baccah Central Library Central Library First floor 02/08/2007 Purchase   1   515 HOF 000002680 15/07/2025 19/11/2008   NB - Book (Non borrowing) 04/12/2006
    Dewey Decimal Classification       Baccah Central Library Central Library First floor 02/08/2007 Purchase   5   515 HOF 000010016 15/07/2025 09/07/2009   Book - Borrowing 21/02/2008
    Dewey Decimal Classification       Donation-Gift Central Library Central Library First floor 17/12/2013 Donation       515 HOF 000035227 15/07/2025     Book - Borrowing  
    Dewey Decimal Classification       Donation-Gift Central Library Central Library First floor 20/01/2014 Donation   1 1 515 HOF 000035349 15/07/2025 29/09/2014   Book - Borrowing 20/01/2014